01068 2200433 4500001002100000005001500021035002000036007000300056008004100059020002000100082000800120084001900128100001700147245007800164260002400242990001600266990001600282990001600298990001600314990001600330990001600346990001600362990001600378990001600394990001600410990001600426990001600442990001600458990001600474990001600490990001600506990001600522990001600538990001600554990001600570990001600586990001600602990001600618INLIS00000000000006420231031085522 a0010-0421000064ta231031 g 0 ind  a978-602-241-470 a574 a574 IRN b c.230 aIrnaningtyas1 aBiologi untuk SMA/MA Kelas XI Kelompok Peminatan Matematika dan Ilmu Alam aJakarta :bErlangga a2017/p/0099 a2017/p/0100 a2017/p/0101 a2017/p/0102 a2017/p/0103 a2017/p/0104 a2017/p/0105 a2017/p/0106 a2017/p/0107 a2017/p/0108 a2017/p/0109 a2017/p/0110 a2021/p/0589 a2021/p/0590 a2021/p/0591 a2021/p/0592 a2021/p/1029 a2021/P/1560 a2021/P/1635 a2021/P/1636 a2021/P/1637 a2021/p/1837 a2021/p/1838